Análisis de prefactibilidad técnica y financiera del proceso de extracción de aceite de la semilla de papaya (carica papaya l.) híbrido pococí.

Đã lưu trong:
Chi tiết về thư mục
Tác giả chính: Alpízar Ugalde, Juan Diego, 1990-
Tác giả khác: Ciccio Alberti, José Francisco, 1947- Director del TFG
Định dạng: Sách
Ngôn ngữ:Spanish
Được phát hành: San José, Costa Rica 2019
Những chủ đề:
Các nhãn: Thêm thẻ
Không có thẻ, Là người đầu tiên thẻ bản ghi này!

MARC

LEADER 00000nam a22000007a 4500
003 013053
005 20230529111353.0
008 190516b2019 cr a|||| m||| 00| ||spa d
040 |c cru CEDI 
100 |9 590  |a Alpízar Ugalde, Juan Diego, 1990- 
245 |a  Análisis de prefactibilidad técnica y financiera del proceso de extracción de aceite de la semilla de papaya (carica papaya l.) híbrido pococí. 
260 |a San José, Costa Rica  |c 2019 
500 |a Proyecto de graduación(licenciatura en ingeniería química)--Universidad de Costa Rica. Facultad de Ingeniería. Escuela de Ingeniería Química 
501 |a Director de Proyecto de Graduación: José Francisco Cicció Alberti, M.Sc. 
650 |x ACEITES VEGETALES   |x COSTOS DE PRODUCCION  |x ACEITES VEGETALES - PROCESAMIENTO   |x SECADO   |x PAPAYA - CULTIVO - COSTA RICA   |x PAPAYA - SEMILLAS  
700 |9 591  |a Ciccio Alberti, José Francisco, 1947-  |d Director del TFG 
942 |c CEDI  |h TFG 8203  |6 TFG_8203_000000000000000 
999 |c 21695  |d 21695